000 00392nam a2200133Ia 4500
003 GCL
008 140319s9999 xx 000 0 eng d
040 _aGCL /
_cGCL
082 0 4 _a832
_bP I
100 1 _aPOMFRET, RICHARD
245 1 0 _aINTERNAITONAL TRADE, AN INTRODUCTION TO THEORY AND POLICY /
_cPOMFRET, RICHARD
260 _a[S.N] :
_b"BASIC BOOKS, INC; PUBLISHERS" ،
_c1992
300 _a280
999 _c25271
_d25271